[Event "Women's Baku Chess Olympiad"]
[Site "chess24.com"]
[Date "2016.09.10"]
[Round "8"]
[White "Navrotescu, Andreea-Cristiana"]
[Black "Machlik, Monika"]
[Result "1-0"]
[Board "4"]
[WhiteID "675946"]
[WhiteElo "2235"]
[WhiteTitle "WIM"]
[WhiteCountry "FRA"]
[WhiteFideId "675946"]
[WhiteEloChange "5"]
[BlackID "1513621"]
[BlackElo "2060"]
[BlackCountry "NOR"]
[BlackFideId "1513621"]
[BlackEloChange "-5"]

1. Nf3 {[%clk 1:30:57]} Nf6 {[%clk 1:30:25]} 2. c4 {[%clk 1:30:58]} e6 {[%clk
1:30:31]} 3. g3 {[%clk 1:31:06]} a6 {[%clk 1:30:00]} 4. b3 {[%clk 1:30:59]} b5
{[%clk 1:28:30]} 5. Nc3 {[%clk 1:31:02]} b4 {[%clk 1:19:41]} 6. Na4 {[%clk
1:31:16]} Bb7 {[%clk 1:18:07]} 7. Bg2 {[%clk 1:30:51]} Be7 {[%clk 1:14:29]} 8.
O-O {[%clk 1:30:48]} O-O {[%clk 1:14:44]} 9. d4 {[%clk 1:30:11]} d6 {[%clk
1:11:44]} 10. Bb2 {[%clk 1:24:00]} Nbd7 {[%clk 1:09:09]} 11. d5 {[%clk 1:12:07]}
exd5 {[%clk 0:59:36]} 12. Nh4 {[%clk 1:11:16]} c5 {[%clk 0:38:39]} 13. Nf5 {[%clk
1:09:42]} Re8 {[%clk 0:37:42]} 14. cxd5 {[%clk 1:04:22]} Bf8 {[%clk 0:37:17]} 15.
Ne3 {[%clk 0:56:42]} Ne5 {[%clk 0:33:47]} 16. Bxe5 {[%clk 0:37:34]} Rxe5 {[%clk
0:32:50]} 17. Nc4 {[%clk 0:37:43]} Re8 {[%clk 0:31:58]} 18. Qd3 {[%clk 0:36:08]}
g6 {[%clk 0:27:58]} 19. e4 {[%clk 0:36:19]} Bg7 {[%clk 0:27:35]} 20. h3 {[%clk
0:28:38]} a5 {[%clk 0:10:51]} 21. Rad1 {[%clk 0:27:23]} Ba6 {[%clk 0:09:54]} 22.
Rfe1 {[%clk 0:27:31]} Nd7 {[%clk 0:09:24]} 23. f4 {[%clk 0:27:26]} Bd4+ {[%clk
0:09:13]} 24. Kh2 {[%clk 0:27:26]} Rb8 {[%clk 0:06:13]} 25. Qc2 {[%clk 0:18:21]}
Nf6 {[%clk 0:04:49]} 26. Nd2 {[%clk 0:12:20]} Bf2 {[%clk 0:04:18]} 27. Rh1 {[%clk
0:04:38]} Nh5 {[%clk 0:03:46]} 28. Nf1 {[%clk 0:05:07]} Bd4 {[%clk 0:02:41]} 29.
Bf3 {[%clk 0:04:43]} Nf6 {[%clk 0:02:23]} 30. Nd2 {[%clk 0:03:19]} Rc8 {[%clk
0:02:13]} 31. Nc4 {[%clk 0:03:32]} Rb8 {[%clk 0:01:55]} 32. Rhe1 {[%clk 0:03:45]}
Bb7 {[%clk 0:01:21]} 33. Nab2 {[%clk 0:02:55]} Ba6 {[%clk 0:01:13]} 34. Nd3
{[%clk 0:02:51]} a4 {[%clk 0:01:03]} 35. Ndb2 {[%clk 0:01:54]} Bc3 {[%clk
0:00:37]} 36. Re2 {[%clk 0:02:07]} a3 {[%clk 0:00:36]} 37. Nd3 {[%clk 0:01:53]}
Bd4 {[%clk 0:00:41]} 38. g4 {[%clk 0:01:07]} h6 {[%clk 0:00:34]} 39. Kg3 {[%clk
0:00:52]} Kg7 {[%clk 0:00:37]} 40. h4 {[%clk 0:31:02]} Bc8 {[%clk 0:30:32]} 41.
Nxd6 {[%clk 0:21:54]} Qxd6 {[%clk 0:28:08]} 42. e5 {[%clk 0:22:08]} Qd8 {[%clk
0:24:00]} 43. exf6+ {[%clk 0:22:31]} Bxf6 {[%clk 0:18:23]} 44. Rxe8 {[%clk
0:22:44]} Qxe8 {[%clk 0:18:33]} 45. Qxc5 {[%clk 0:21:54]} Bc3 {[%clk 0:12:54]}
46. Nf2 {[%clk 0:14:34]} Rb5 {[%clk 0:09:28]} 47. Qc4 {[%clk 0:14:50]} Ba6 {[%clk
0:07:18]} 48. Ne4 {[%clk 0:14:10]} Rb6 {[%clk 0:05:27]} 49. Qc7 {[%clk 0:13:53]}
Qb8 {[%clk 0:01:28]} 50. Qc5 {[%clk 0:10:23]} Rb5 {[%clk 0:01:30]} 51. Qe3 {[%clk
0:10:30]} Bb2 {[%clk 0:01:00]} 52. g5 {[%clk 0:09:57]} h5 {[%clk 0:00:38]} 53. d6
{[%clk 0:09:42]} Qd8 {[%clk 0:00:40]} 54. Nc5 {[%clk 0:09:42]} Rb6 {[%clk
0:00:42]} 55. Qe7 {[%clk 0:09:06]} Qxe7 {[%clk 0:00:32]} 56. dxe7 {[%clk
0:09:34]} Bb5 {[%clk 0:00:42]} 57. Rd8 {[%clk 0:09:08]} 1-0

[Event "Women's Baku Chess Olympiad"]
[Site "chess24.com"]
[Date "2016.09.10"]
[Round "8"]
[White "Zimina, Olga"]
[Black "Rodriguez Rueda, Paula Andrea"]
[Result "1-0"]
[Board "1"]
[WhiteID "4132190"]
[WhiteElo "2389"]
[WhiteTitle "IM"]
[WhiteCountry "ITA"]
[WhiteFideId "4132190"]
[WhiteEloChange "8"]
[BlackID "4404564"]
[BlackElo "2326"]
[BlackTitle "IM"]
[BlackCountry "COL"]
[BlackFideId "4404564"]
[BlackEloChange "-8"]

1. Nf3 {[%clk 1:30:55]} d5 {[%clk 1:30:40]} 2. g3 {[%clk 1:31:19]} Nf6 {[%clk
1:31:04]} 3. Bg2 {[%clk 1:31:44]} c6 {[%clk 1:31:18]} 4. c4 {[%clk 1:31:52]} Bg4
{[%clk 1:31:32]} 5. Ne5 {[%clk 1:32:13]} Be6 {[%clk 1:31:53]} 6. cxd5 {[%clk
1:32:36]} Bxd5 {[%clk 1:32:07]} 7. Nf3 {[%clk 1:33:00]} Nbd7 {[%clk 1:31:49]} 8.
Nc3 {[%clk 1:33:15]} Ne5 {[%clk 1:25:54]} 9. Nxd5 {[%clk 1:22:16]} Qxd5 {[%clk
1:26:19]} 10. O-O {[%clk 1:22:17]} Nxf3+ {[%clk 1:25:50]} 11. Bxf3 {[%clk
1:22:41]} Qd7 {[%clk 1:26:13]} 12. d3 {[%clk 1:18:21]} g6 {[%clk 1:25:44]} 13. b4
{[%clk 1:11:32]} Bg7 {[%clk 1:26:00]} 14. Bb2 {[%clk 1:11:56]} O-O {[%clk
1:26:17]} 15. Qb3 {[%clk 1:12:20]} Rac8 {[%clk 1:24:13]} 16. Rfc1 {[%clk
1:11:47]} Rfd8 {[%clk 1:20:04]} 17. a4 {[%clk 1:08:44]} Nd5 {[%clk 1:18:51]} 18.
Bxg7 {[%clk 0:54:21]} Kxg7 {[%clk 1:19:10]} 19. b5 {[%clk 0:53:49]} e6 {[%clk
1:19:13]} 20. Rc5 {[%clk 0:35:00]} b6 {[%clk 1:11:39]} 21. bxc6 {[%clk 0:35:05]}
Rxc6 {[%clk 1:11:27]} 22. Rb5 {[%clk 0:31:07]} Kg8 {[%clk 1:06:55]} 23. a5 {[%clk
0:28:13]} Rc3 {[%clk 1:02:40]} 24. Qb2 {[%clk 0:26:45]} Rc2 {[%clk 0:57:19]} 25.
Qxc2 {[%clk 0:26:32]} Qxb5 {[%clk 0:57:44]} 26. axb6 {[%clk 0:26:56]} axb6 {[%clk
0:57:00]} 27. Rb1 {[%clk 0:25:07]} Qc5 {[%clk 0:54:36]} 28. Qb2 {[%clk 0:23:25]}
Rb8 {[%clk 0:48:56]} 29. Rc1 {[%clk 0:23:01]} Qd6 {[%clk 0:48:35]} 30. Qd4 {[%clk
0:20:02]} Rd8 {[%clk 0:32:18]} 31. h4 {[%clk 0:10:15]} e5 {[%clk 0:29:28]} 32.
Qb2 {[%clk 0:08:01]} Ne7 {[%clk 0:29:06]} 33. h5 {[%clk 0:07:12]} g5 {[%clk
0:21:32]} 34. Rc4 {[%clk 0:04:22]} h6 {[%clk 0:18:26]} 35. Rb4 {[%clk 0:04:44]}
Rb8 {[%clk 0:17:56]} 36. d4 {[%clk 0:03:55]} exd4 {[%clk 0:16:00]} 37. Rxd4
{[%clk 0:04:20]} Qc5 {[%clk 0:13:43]} 38. Rd7 {[%clk 0:04:14]} Re8 {[%clk
0:09:43]} 39. Qf6 {[%clk 0:04:06]} Qf5 {[%clk 0:09:55]} 40. Qd4 {[%clk 0:31:51]}
Qc5 {[%clk 0:34:54]} 41. Qe4 {[%clk 0:17:25]} Qc1+ {[%clk 0:27:23]} 42. Kg2
{[%clk 0:17:35]} Qc5 {[%clk 0:27:41]} 43. e3 {[%clk 0:17:03]} Kg7 {[%clk
0:26:30]} 44. Kh2 {[%clk 0:11:59]} Kg8 {[%clk 0:24:01]} 45. Rb7 {[%clk 0:07:42]}
Kg7 {[%clk 0:12:17]} 46. Bg2 {[%clk 0:06:55]} Kg8 {[%clk 0:11:00]} 47. Bf1 {[%clk
0:04:22]} Qf5 {[%clk 0:08:58]} 48. Qxf5 {[%clk 0:04:33]} Nxf5 {[%clk 0:09:26]}
49. Rxb6 {[%clk 0:04:58]} Re6 {[%clk 0:08:18]} 50. Rb8+ {[%clk 0:05:17]} Kg7
{[%clk 0:08:42]} 51. Bd3 {[%clk 0:04:41]} Ne7 {[%clk 0:07:49]} 52. Rb7 {[%clk
0:04:49]} Nc6 {[%clk 0:07:55]} 53. Kg2 {[%clk 0:04:08]} Re7 {[%clk 0:07:56]} 54.
Rb6 {[%clk 0:04:27]} Ne5 {[%clk 0:08:13]} 55. Bf5 {[%clk 0:04:51]} Ra7 {[%clk
0:07:07]} 56. Rb5 {[%clk 0:03:59]} Kf6 {[%clk 0:06:43]} 57. Bb1 {[%clk 0:04:20]}
Nc4 {[%clk 0:05:58]} 58. Rb4 {[%clk 0:04:31]} Rc7 {[%clk 0:05:18]} 59. Be4 {[%clk
0:04:15]} Kg7 {[%clk 0:04:23]} 60. Bd5 {[%clk 0:02:48]} Ne5 {[%clk 0:04:47]} 61.
Re4 {[%clk 0:03:05]} Nd3 {[%clk 0:04:02]} 62. Rd4 {[%clk 0:02:27]} Ne1+ {[%clk
0:02:37]} 63. Kf1 {[%clk 0:02:43]} Nc2 {[%clk 0:02:44]} 64. Ra4 {[%clk 0:03:05]}
Rc5 {[%clk 0:01:37]} 65. Be4 {[%clk 0:02:34]} Rc3 {[%clk 0:01:30]} 66. Ke2 {[%clk
0:02:32]} Na3 {[%clk 0:01:26]} 67. Bd3 {[%clk 0:02:42]} Rb3 {[%clk 0:01:33]} 68.
Ra7 {[%clk 0:01:28]} Rb2+ {[%clk 0:01:34]} 69. Kf1 {[%clk 0:01:34]} Rb3 {[%clk
0:00:43]} 70. Bg6 {[%clk 0:01:55]} 1-0

[Event "Women's Baku Chess Olympiad"]
[Site "chess24.com"]
[Date "2016.09.10"]
[Round "8"]
[White "Chirivi C, Jenny Astrid"]
[Black "Brunello, Marina"]
[Result "1-0"]
[Board "2"]
[WhiteID "4403061"]
[WhiteElo "2209"]
[WhiteTitle "WIM"]
[WhiteCountry "COL"]
[WhiteFideId "4403061"]
[WhiteEloChange "14"]
[BlackID "822590"]
[BlackElo "2376"]
[BlackTitle "FM"]
[BlackCountry "ITA"]
[BlackFideId "822590"]
[BlackEloChange "-14"]

1. d4 {[%clk 1:30:56]} d5 {[%clk 1:30:50]} 2. c4 {[%clk 1:31:12]} c6 {[%clk
1:31:16]} 3. Nf3 {[%clk 1:31:34]} Nf6 {[%clk 1:31:41]} 4. Nc3 {[%clk 1:31:51]} e6
{[%clk 1:32:05]} 5. cxd5 {[%clk 1:32:04]} exd5 {[%clk 1:32:31]} 6. Bg5 {[%clk
1:32:14]} Be7 {[%clk 1:32:48]} 7. Qc2 {[%clk 1:32:27]} g6 {[%clk 1:33:03]} 8. e4
{[%clk 1:32:32]} dxe4 {[%clk 1:28:53]} 9. Bxf6 {[%clk 1:32:37]} Bxf6 {[%clk
1:29:03]} 10. Qxe4+ {[%clk 1:32:49]} Kf8 {[%clk 1:28:24]} 11. Bc4 {[%clk
1:32:39]} Kg7 {[%clk 1:27:23]} 12. O-O {[%clk 1:32:38]} Re8 {[%clk 1:24:41]} 13.
Qf4 {[%clk 1:32:37]} Be6 {[%clk 1:20:54]} 14. Bxe6 {[%clk 1:31:28]} Rxe6 {[%clk
1:21:13]} 15. Rfe1 {[%clk 1:30:19]} Rxe1+ {[%clk 1:16:50]} 16. Rxe1 {[%clk
1:30:35]} Nd7 {[%clk 1:17:09]} 17. Ne4 {[%clk 1:16:46]} Qb6 {[%clk 0:52:13]} 18.
Nd6 {[%clk 0:49:36]} Kg8 {[%clk 0:42:51]} 19. g4 {[%clk 0:42:18]} Rf8 {[%clk
0:40:12]} 20. g5 {[%clk 0:39:14]} Bd8 {[%clk 0:37:40]} 21. Re8 {[%clk 0:34:56]}
f5 {[%clk 0:37:53]} 22. gxf6 {[%clk 0:32:28]} Bxf6 {[%clk 0:32:10]} 23. Rxf8+
{[%clk 0:29:43]} Kxf8 {[%clk 0:32:31]} 24. Ne5 {[%clk 0:29:31]} 1-0

[Event "Women's Baku Chess Olympiad"]
[Site "chess24.com"]
[Date "2016.09.10"]
[Round "8"]
[White "Movileanu, Daniela"]
[Black "Rivera, Ingris"]
[Result "1/2-1/2"]
[Board "3"]
[WhiteID "873349"]
[WhiteElo "2268"]
[WhiteTitle "WFM"]
[WhiteCountry "ITA"]
[WhiteFideId "873349"]
[WhiteEloChange "-2"]
[BlackID "4402472"]
[BlackElo "2201"]
[BlackTitle "WIM"]
[BlackCountry "COL"]
[BlackFideId "4402472"]
[BlackEloChange "2"]

1. e4 {[%clk 1:30:58]} c5 {[%clk 1:30:53]} 2. Nf3 {[%clk 1:31:16]} d6 {[%clk
1:31:13]} 3. d4 {[%clk 1:31:32]} cxd4 {[%clk 1:31:32]} 4. Nxd4 {[%clk 1:31:56]}
Nf6 {[%clk 1:31:49]} 5. Nc3 {[%clk 1:32:09]} a6 {[%clk 1:32:13]} 6. Be3 {[%clk
1:32:22]} e5 {[%clk 1:32:16]} 7. Nf3 {[%clk 1:32:30]} Be7 {[%clk 1:32:35]} 8. Bc4
{[%clk 1:29:35]} Be6 {[%clk 1:32:35]} 9. Bb3 {[%clk 1:29:23]} Nbd7 {[%clk
1:30:12]} 10. Ng5 {[%clk 1:23:57]} Bxb3 {[%clk 1:29:37]} 11. axb3 {[%clk
1:24:08]} Rc8 {[%clk 1:29:08]} 12. O-O {[%clk 1:23:09]} O-O {[%clk 1:28:42]} 13.
Nf3 {[%clk 1:20:12]} Nc5 {[%clk 1:26:41]} 14. Bxc5 {[%clk 1:08:04]} Rxc5 {[%clk
1:26:18]} 15. Qe2 {[%clk 1:04:14]} Qc7 {[%clk 1:24:34]} 16. Ne1 {[%clk 0:59:11]}
d5 {[%clk 1:09:33]} 17. Nd3 {[%clk 0:57:29]} Rxc3 {[%clk 1:09:17]} 18. bxc3
{[%clk 0:57:36]} dxe4 {[%clk 1:08:11]} 19. Nb2 {[%clk 0:56:31]} Qxc3 {[%clk
1:08:15]} 20. Nc4 {[%clk 0:54:55]} Bc5 {[%clk 1:06:15]} 21. Rad1 {[%clk 0:53:07]}
h6 {[%clk 0:55:54]} 22. Kh1 {[%clk 0:39:23]} Rc8 {[%clk 0:54:22]} 23. Rd2 {[%clk
0:35:04]} b5 {[%clk 0:45:15]} 24. Ne3 {[%clk 0:33:33]} Bb4 {[%clk 0:41:41]} 25.
Rdd1 {[%clk 0:31:52]} Kh7 {[%clk 0:39:45]} 26. Nd5 {[%clk 0:29:15]} Nxd5 {[%clk
0:36:28]} 27. Qxe4+ {[%clk 0:28:48]} g6 {[%clk 0:35:00]} 28. Rxd5 {[%clk
0:27:38]} Bf8 {[%clk 0:34:14]} 29. Rxe5 {[%clk 0:20:16]} Qxc2 {[%clk 0:34:22]}
30. Qf3 {[%clk 0:20:23]} Rc7 {[%clk 0:32:45]} 31. h3 {[%clk 0:19:07]} Bg7 {[%clk
0:31:18]} 32. Re3 {[%clk 0:18:57]} a5 {[%clk 0:31:24]} 33. Rfe1 {[%clk 0:11:39]}
Qc5 {[%clk 0:23:24]} 34. Qf4 {[%clk 0:07:24]} Ra7 {[%clk 0:21:53]} 35. Re4 {[%clk
0:01:30]} a4 {[%clk 0:14:13]} 36. bxa4 {[%clk 0:01:38]} bxa4 {[%clk 0:14:38]} 37.
Rxa4 {[%clk 0:00:55]} Rxa4 {[%clk 0:14:19]} 38. Qxa4 {[%clk 0:01:20]} Qxf2 {[%clk
0:14:44]} 39. Qe4 {[%clk 0:01:29]} h5 {[%clk 0:14:15]} 40. Rd1 {[%clk 0:31:20]}
Bf6 {[%clk 0:38:57]} 41. Qc4 {[%clk 0:22:09]} Kg7 {[%clk 0:38:44]} 42. Rf1 {[%clk
0:21:26]} Qb2 {[%clk 0:38:05]} 43. Qf4 {[%clk 0:17:47]} h4 {[%clk 0:37:34]} 44.
Qf2 {[%clk 0:17:40]} Qc3 {[%clk 0:34:47]} 45. Qf3 {[%clk 0:17:46]} Qb2 {[%clk
0:34:31]} 46. Qd3 {[%clk 0:16:03]} Qe5 {[%clk 0:34:00]} 47. Qc4 {[%clk 0:06:43]}
Qb2 {[%clk 0:33:13]} 48. Qf4 {[%clk 0:05:48]} Qc3 {[%clk 0:33:23]} 49. Qf3 {[%clk
0:05:04]} Qe5 {[%clk 0:33:40]} 50. Qf4 {[%clk 0:03:08]} Qb2 {[%clk 0:34:02]} 51.
Qf2 {[%clk 0:01:29]} Qc3 {[%clk 0:34:22]} 52. Qf3 {[%clk 0:00:59]} 1/2-1/2

[Event "Women's Baku Chess Olympiad"]
[Site "chess24.com"]
[Date "2016.09.10"]
[Round "8"]
[White "Castrillon Gomez, Melissa"]
[Black "Di Benedetto, Desiree"]
[Result "0-1"]
[Board "4"]
[WhiteID "4402413"]
[WhiteElo "2194"]
[WhiteTitle "WIM"]
[WhiteCountry "COL"]
[WhiteFideId "4402413"]
[WhiteEloChange "-10"]
[BlackID "875813"]
[BlackElo "2183"]
[BlackTitle "WFM"]
[BlackCountry "ITA"]
[BlackFideId "875813"]
[BlackEloChange "10"]

1. e4 {[%clk 1:30:48]} c5 {[%clk 1:30:38]} 2. c3 {[%clk 1:30:38]} Nf6 {[%clk
1:30:41]} 3. e5 {[%clk 1:30:46]} Nd5 {[%clk 1:31:01]} 4. d4 {[%clk 1:30:27]} cxd4
{[%clk 1:30:52]} 5. Nf3 {[%clk 1:30:48]} Nc6 {[%clk 1:31:07]} 6. Bc4 {[%clk
1:30:20]} Nb6 {[%clk 1:25:34]} 7. Bb3 {[%clk 1:30:37]} d5 {[%clk 1:21:27]} 8.
exd6 {[%clk 1:30:37]} Qxd6 {[%clk 1:20:39]} 9. O-O {[%clk 1:29:22]} Bf5 {[%clk
1:01:24]} 10. cxd4 {[%clk 1:06:41]} e6 {[%clk 0:50:48]} 11. Nc3 {[%clk 0:59:36]}
Be7 {[%clk 0:49:07]} 12. Nb5 {[%clk 0:58:51]} Qd7 {[%clk 0:46:36]} 13. d5 {[%clk
0:45:16]} exd5 {[%clk 0:25:40]} 14. Be3 {[%clk 0:35:27]} O-O {[%clk 0:20:10]} 15.
Nxa7 {[%clk 0:34:37]} Nc4 {[%clk 0:20:10]} 16. Nxc6 {[%clk 0:33:02]} Qxc6 {[%clk
0:13:41]} 17. Nd4 {[%clk 0:30:17]} Qg6 {[%clk 0:12:59]} 18. Nxf5 {[%clk 0:30:20]}
Qxf5 {[%clk 0:13:23]} 19. Bd4 {[%clk 0:29:14]} Rfd8 {[%clk 0:10:58]} 20. Bc2
{[%clk 0:29:00]} Qf4 {[%clk 0:09:36]} 21. b3 {[%clk 0:19:55]} Na5 {[%clk
0:04:26]} 22. g3 {[%clk 0:16:29]} Qd6 {[%clk 0:04:00]} 23. Rc1 {[%clk 0:13:10]}
Nc6 {[%clk 0:03:40]} 24. Bb6 {[%clk 0:12:51]} Re8 {[%clk 0:03:39]} 25. Bb1 {[%clk
0:12:56]} Bf6 {[%clk 0:03:18]} 26. Bc5 {[%clk 0:07:57]} Qd7 {[%clk 0:03:42]} 27.
b4 {[%clk 0:04:44]} Ne5 {[%clk 0:03:25]} 28. f4 {[%clk 0:04:56]} Ng4 {[%clk
0:02:47]} 29. Qf3 {[%clk 0:03:19]} d4 {[%clk 0:02:50]} 30. Qd3 {[%clk 0:00:43]}
g6 {[%clk 0:03:15]} 31. Rfd1 {[%clk 0:01:01]} Re3 {[%clk 0:01:27]} 32. Qd2 {[%clk
0:01:08]} Rae8 {[%clk 0:01:25]} 33. Re1 {[%clk 0:01:00]} Qd5 {[%clk 0:00:59]} 34.
Bd3 {[%clk 0:00:45]} Qf3 {[%clk 0:01:05]} 35. Rxe3 {[%clk 0:00:34]} Rxe3 {[%clk
0:00:58]} 36. Bf1 {[%clk 0:00:49]} Qd5 {[%clk 0:00:35]} 37. Bg2 {[%clk 0:00:40]}
Qd7 {[%clk 0:00:34]} 38. Bh3 {[%clk 0:00:38]} h5 {[%clk 0:00:47]} 39. Bxg4 {[%clk
0:00:48]} hxg4 {[%clk 0:01:16]} 40. Rd1 {[%clk 0:31:02]} Re4 {[%clk 0:31:01]} 41.
Re1 {[%clk 0:25:37]} Rxe1+ {[%clk 0:24:42]} 42. Qxe1 {[%clk 0:26:05]} d3 {[%clk
0:24:54]} 43. Be3 {[%clk 0:20:10]} Bd4 {[%clk 0:22:30]} 44. Kf2 {[%clk 0:18:31]}
Qd5 {[%clk 0:20:03]} 45. Bxd4 {[%clk 0:18:37]} Qxd4+ {[%clk 0:20:32]} 46. Qe3
{[%clk 0:18:26]} Qb2+ {[%clk 0:20:31]} 47. Ke1 {[%clk 0:18:05]} Qxb4+ {[%clk
0:20:21]} 48. Kd1 {[%clk 0:15:13]} Qb1+ {[%clk 0:18:03]} 49. Qc1 {[%clk 0:09:25]}
Qxa2 {[%clk 0:18:11]} 50. Qc8+ {[%clk 0:09:46]} Kh7 {[%clk 0:17:58]} 0-1

[Event "Women's Baku Chess Olympiad"]
[Site "chess24.com"]
[Date "2016.09.10"]
[Round "8"]
[White "Cori T., Deysi"]
[Black "Mammadova, Narmin"]
[Result "1-0"]
[Board "1"]
[WhiteID "3801934"]
[WhiteElo "2402"]
[WhiteTitle "WGM"]
[WhiteCountry "PER"]
[WhiteFideId "3801934"]
[WhiteEloChange "3"]
[BlackID "13403710"]
[BlackElo "2230"]
[BlackTitle "WIM"]
[BlackCountry "AZE"]
[BlackFideId "13403710"]
[BlackEloChange "-5"]

1. d4 {[%clk 1:30:58]} d5 {[%clk 1:30:45]} 2. Nf3 {[%clk 1:31:17]} Nf6 {[%clk
1:31:03]} 3. c4 {[%clk 1:30:05]} dxc4 {[%clk 1:30:54]} 4. e3 {[%clk 1:30:30]} e6
{[%clk 1:31:17]} 5. Bxc4 {[%clk 1:30:46]} c5 {[%clk 1:31:25]} 6. O-O {[%clk
1:30:58]} a6 {[%clk 1:31:13]} 7. Qe2 {[%clk 1:31:09]} Nc6 {[%clk 1:30:15]} 8. Rd1
{[%clk 1:31:23]} cxd4 {[%clk 1:28:28]} 9. exd4 {[%clk 1:31:32]} Be7 {[%clk
1:28:51]} 10. Nc3 {[%clk 1:27:46]} O-O {[%clk 1:26:45]} 11. Ne4 {[%clk 1:26:33]}
Nb4 {[%clk 1:17:20]} 12. Ne5 {[%clk 1:20:21]} Nbd5 {[%clk 1:13:38]} 13. Bb3
{[%clk 1:19:09]} Bd7 {[%clk 1:06:35]} 14. Qf3 {[%clk 1:01:38]} Rc8 {[%clk
0:54:27]} 15. h4 {[%clk 0:53:28]} Nxe4 {[%clk 0:46:31]} 16. Qxe4 {[%clk 0:53:54]}
Be8 {[%clk 0:45:47]} 17. h5 {[%clk 0:46:36]} f6 {[%clk 0:32:51]} 18. Nd3 {[%clk
0:43:01]} Bxh5 {[%clk 0:27:46]} 19. Qxe6+ {[%clk 0:43:21]} Bf7 {[%clk 0:28:10]}
20. Qg4 {[%clk 0:42:14]} Kh8 {[%clk 0:19:40]} 21. Bd2 {[%clk 0:33:40]} Qd6 {[%clk
0:16:29]} 22. Re1 {[%clk 0:30:48]} b6 {[%clk 0:11:41]} 23. Bxd5 {[%clk 0:28:58]}
f5 {[%clk 0:03:52]} 24. Qe2 {[%clk 0:26:56]} Qxd5 {[%clk 0:01:24]} 25. Qxe7
{[%clk 0:27:23]} Qxd4 {[%clk 0:01:37]} 26. Ne5 {[%clk 0:26:34]} Bd5 {[%clk
0:00:40]} 27. Bc3 {[%clk 0:26:47]} 1-0

[Event "Women's Baku Chess Olympiad"]
[Site "chess24.com"]
[Date "2016.09.10"]
[Round "8"]
[White "Balajayeva, Khanim"]
[Black "Sanchez Zambrano, Vanessa"]
[Result "1/2-1/2"]
[Board "2"]
[WhiteID "13406396"]
[WhiteElo "2147"]
[WhiteTitle "WFM"]
[WhiteCountry "AZE"]
[WhiteFideId "13406396"]
[WhiteEloChange "-6"]
[BlackID "3804925"]
[BlackElo "1892"]
[BlackCountry "PER"]
[BlackFideId "3804925"]
[BlackEloChange "6"]

1. e4 {[%clk 1:30:58]} c5 {[%clk 1:30:42]} 2. c3 {[%clk 1:31:23]} Nf6 {[%clk
1:30:56]} 3. e5 {[%clk 1:31:49]} Nd5 {[%clk 1:31:19]} 4. d4 {[%clk 1:32:13]} cxd4
{[%clk 1:31:26]} 5. Nf3 {[%clk 1:32:37]} Nc6 {[%clk 1:31:32]} 6. cxd4 {[%clk
1:32:59]} d6 {[%clk 1:31:42]} 7. Bc4 {[%clk 1:33:22]} dxe5 {[%clk 1:31:58]} 8.
Nxe5 {[%clk 1:32:52]} e6 {[%clk 1:31:33]} 9. O-O {[%clk 1:32:50]} Be7 {[%clk
1:30:42]} 10. Nf3 {[%clk 1:31:29]} O-O {[%clk 1:30:31]} 11. Nc3 {[%clk 1:31:54]}
Nxc3 {[%clk 1:27:48]} 12. bxc3 {[%clk 1:32:22]} b6 {[%clk 1:27:51]} 13. Qe2
{[%clk 1:24:52]} Bb7 {[%clk 1:26:04]} 14. Bd3 {[%clk 1:22:09]} Bf6 {[%clk
1:16:04]} 15. Rd1 {[%clk 1:08:51]} Rc8 {[%clk 1:13:39]} 16. Ne5 {[%clk 0:51:25]}
g6 {[%clk 0:37:47]} 17. Bh6 {[%clk 0:35:07]} Bg7 {[%clk 0:33:14]} 18. Bxg7 {[%clk
0:33:16]} Kxg7 {[%clk 0:33:38]} 19. Be4 {[%clk 0:33:11]} Qg5 {[%clk 0:24:14]} 20.
Nf3 {[%clk 0:25:46]} Qf6 {[%clk 0:22:11]} 21. Rac1 {[%clk 0:22:35]} Rfd8 {[%clk
0:21:30]} 22. h4 {[%clk 0:20:28]} Rc7 {[%clk 0:20:23]} 23. h5 {[%clk 0:19:27]}
Na5 {[%clk 0:18:43]} 24. Bxb7 {[%clk 0:19:09]} Nxb7 {[%clk 0:19:00]} 25. Ne5
{[%clk 0:18:05]} Qg5 {[%clk 0:15:34]} 26. hxg6 {[%clk 0:10:19]} hxg6 {[%clk
0:15:53]} 27. Nf3 {[%clk 0:10:45]} Qh5 {[%clk 0:14:05]} 28. c4 {[%clk 0:10:03]}
Rcd7 {[%clk 0:10:10]} 29. Qb2 {[%clk 0:08:12]} Rh8 {[%clk 0:04:09]} 30. Kf1
{[%clk 0:08:11]} Qg4 {[%clk 0:02:40]} 31. d5+ {[%clk 0:06:36]} f6 {[%clk
0:02:58]} 32. Rd4 {[%clk 0:04:54]} Qf5 {[%clk 0:02:00]} 33. dxe6 {[%clk 0:03:18]}
Rh1+ {[%clk 0:01:30]} 34. Ng1 {[%clk 0:03:43]} Qxe6 {[%clk 0:01:45]} 35. Rxd7+
{[%clk 0:03:43]} Qxd7 {[%clk 0:02:08]} 36. Qe2 {[%clk 0:03:46]} Nc5 {[%clk
0:01:58]} 37. Rd1 {[%clk 0:03:00]} Qc7 {[%clk 0:01:45]} 38. g3 {[%clk 0:02:20]}
Rh8 {[%clk 0:01:27]} 39. Nf3 {[%clk 0:00:51]} Rd8 {[%clk 0:01:21]} 1/2-1/2

[Event "Women's Baku Chess Olympiad"]
[Site "chess24.com"]
[Date "2016.09.10"]
[Round "8"]
[White "Aliaga Fernandez, Ingrid Y"]
[Black "Beydullayeva, Govhar"]
[Result "1/2-1/2"]
[Board "3"]
[WhiteID "3802191"]
[WhiteElo "2096"]
[WhiteTitle "WFM"]
[WhiteCountry "PER"]
[WhiteFideId "3802191"]
[WhiteEloChange "-3"]
[BlackID "13413015"]
[BlackElo "1994"]
[BlackTitle "WCM"]
[BlackCountry "AZE"]
[BlackFideId "13413015"]
[BlackEloChange "3"]

1. e4 {[%clk 1:30:55]} e6 {[%clk 1:30:43]} 2. d4 {[%clk 1:30:49]} d5 {[%clk
1:31:07]} 3. Nc3 {[%clk 1:31:15]} Nf6 {[%clk 1:31:29]} 4. e5 {[%clk 1:31:39]}
Nfd7 {[%clk 1:31:56]} 5. f4 {[%clk 1:32:01]} c5 {[%clk 1:31:34]} 6. Nf3 {[%clk
1:32:23]} Nc6 {[%clk 1:31:47]} 7. Be3 {[%clk 1:32:47]} Qb6 {[%clk 1:31:13]} 8.
Na4 {[%clk 1:26:45]} Qa5+ {[%clk 1:30:19]} 9. c3 {[%clk 1:27:09]} b6 {[%clk
1:29:58]} 10. Bd2 {[%clk 1:25:41]} c4 {[%clk 1:29:44]} 11. b4 {[%clk 1:24:07]}
Nxb4 {[%clk 1:28:15]} 12. cxb4 {[%clk 1:24:30]} Bxb4 {[%clk 1:28:42]} 13. Rc1
{[%clk 1:18:03]} Bxd2+ {[%clk 1:28:38]} 14. Nxd2 {[%clk 1:18:27]} b5 {[%clk
1:28:50]} 15. Nc3 {[%clk 1:18:23]} O-O {[%clk 1:28:25]} 16. a3 {[%clk 0:43:02]}
Nb8 {[%clk 1:07:07]} 17. Nf3 {[%clk 0:29:54]} a6 {[%clk 1:03:25]} 18. Qd2 {[%clk
0:27:17]} Qxa3 {[%clk 0:45:57]} 19. f5 {[%clk 0:27:42]} f6 {[%clk 0:31:04]} 20.
Be2 {[%clk 0:24:45]} b4 {[%clk 0:26:26]} 21. Nb1 {[%clk 0:25:07]} Qa5 {[%clk
0:26:13]} 22. O-O {[%clk 0:19:00]} exf5 {[%clk 0:21:45]} 23. exf6 {[%clk
0:19:18]} Rxf6 {[%clk 0:21:54]} 24. Ne5 {[%clk 0:18:17]} Be6 {[%clk 0:14:19]} 25.
Bf3 {[%clk 0:17:06]} Ra7 {[%clk 0:13:18]} 26. Rfe1 {[%clk 0:17:21]} Qb6 {[%clk
0:12:49]} 27. Kh1 {[%clk 0:17:39]} a5 {[%clk 0:12:09]} 28. Qf4 {[%clk 0:11:59]}
Nd7 {[%clk 0:08:15]} 29. Nxc4 {[%clk 0:11:53]} dxc4 {[%clk 0:07:38]} 30. d5
{[%clk 0:12:07]} Bf7 {[%clk 0:06:34]} 31. Qxc4 {[%clk 0:10:57]} Nf8 {[%clk
0:03:40]} 32. Nd2 {[%clk 0:09:55]} Rd6 {[%clk 0:02:17]} 33. Qf4 {[%clk 0:07:29]}
Qd8 {[%clk 0:02:10]} 34. Nc4 {[%clk 0:07:42]} Rxd5 {[%clk 0:01:53]} 35. Bxd5
{[%clk 0:07:41]} Qxd5 {[%clk 0:01:19]} 36. Re5 {[%clk 0:07:44]} Qd8 {[%clk
0:00:49]} 37. Rxf5 {[%clk 0:05:48]} 1/2-1/2